Guess my boyfriend's Top 100 Songs on Spotify - 2025 - Statistics

General Stats
  • This quiz has been taken 28 times
  • The average score is 69 of 100
Answer Stats
song artist % Correct
Almost (Sweet Music) | Foreigner's God | From Eden | +8 others Hozier
100%
I Heard It Through The Grapevine | Inner City Blues (Make Me Wanna Holler) | Let's Get It On | +3 others Marvin Gaye
100%
Ain't No Mountain High Enough Marvin Gaye/Tammi Terrell
100%
Northern Attitude (with ______) Noah Kahan/Hozier
100%
Dancing Queen | Take A Chance On Me | Voulez-Vous | Waterloo ABBA
96%
Enter Sandman | For Whom The Bell Tolls Metallica
96%
Hotel California | Take It Easy Eagles
91%
September Earth, Wind & Fire
91%
Badlands | Born in the U.S.A. Bruce Springsteen
87%
Rumour Has It Adele
83%
Tiny Dancer Elton John
83%
I Will Survive Gloria Gaynor
83%
Bad Moon Rising | Fortunate Son Creedence Clearwater Revival
78%
Dreams | Go Your Own Way | Say You Love Me | Silver Springs Fleetwood Mac
78%
Superstition Stevie Wonder
78%
You're So Vain Carly Simon
74%
Annie's Song | Leaving on a Jet Plane | Rocky Mountain High | Take Me Home, Country Roads John Denver
74%
Judas Lady Gaga
74%
Stairway to Heaven Led Zeppelin
74%
Many Men (Wish Death) 50 Cent
70%
More Than A Woman | Night Fever | You Should Be Dancing Bee Gees
70%
More Than a Feeling Boston
70%
I Want You Back The Jackson 5
70%
Somebody Told Me The Killers
70%
Baba O'Riley The Who
70%
Defying Gravity | One Short Day Cynthia Erivo/Ariana Grande
65%
Awake My Soul | Babel | Broken Crown | +6 others Mumford & Sons
65%
In The Air Tonight | You Can't Hurry Love (cover of The Supremes) Phil Collins
65%
Money for Nothing Dire Straits
61%
Some Nights fun.
61%
My Girl The Temptations
61%
Shoot to Thrill AC/DC
57%
Mr. Blue Sky Electric Light Orchestra
52%
ZITTI E BUONI Måneskin
52%
The Wizard and I Cynthia Erivo
48%
Come and Get Your Love Redbone
48%
Cleopatra The Lumineers
48%
Rooster Alice In Chains
43%
(I've Had) The Time Of My Life Bill Medley/Jennifer Warnes
43%
Hooked On A Feeling Blue Swede/Björn Skifs
39%
From Now On Hugh Jackman
39%
Hail to the King Avenged Sevenfold
35%
Hollywood Nights | Night Moves | Roll Me Away Bob Seger
35%
A House In Nebraska Ethel Cain
35%
Dancing Through Life Jonathan Bailey
35%
Animal I Have Become Three Days Grace
35%
Nessun dorma! Giacomo Puccini
30%
No More Tears Ozzy Osbourne
30%
Hey Baby (Drop It to the Floor) Pitbull/T-Pain
30%
Goodbye Stranger | The Logical Song Supertramp
30%
Never Love an Anchor | The Moon Will Sing The Crane Wives
30%
Time To Say Goodbye Andrea Bocelli/Sarah Brightman
26%
Escape (The Pina Colada Song) Rupert Holmes
26%
Love Is A Long Road Tom Petty
26%
The Devil in I Slipknot
22%
Go the Distance Roger Bart
13%
No matching quizzes found
Score Distribution
Percent of People with Each Score
Percentile by Number Answered
Your Score History
You have not taken this quiz